000 00702nam a2200181Ia 4500
003 IN-BaIIA
008 211028s9999 xx 000 0 eng d
040 _cIIA Library
080 _a083.7:62
_bASM
110 _aAmerican Society of Mechanical Engineers
_912075
245 0 _aASME boiler and pressure vessel code section III Nuclear Power Plant Components Division 1- Sub Section NE : Class MC Co
_cThe American Society of Mechanical Engineering
260 _aNew York
_bThe American Society of Mechanical Engineers
_c1980
300 _axxii, 159p.
650 _aNASA Thesaurus
650 _aNuclear Power Plant
_912076
650 _aStandards-Mechanical Engineering
_912077
942 _cBK
999 _c7060
_d7060